Resenya ... / Direcció de Serveis de Relacions Internacionals
Publicado:
Barcelona :
Diputació de Barcelona. Àrea de Presidència. Direcció de Serveis de Relacions Internacionals, [2006]
Descripción Física:
taules ; 29 cm
MARC
| LEADER | 00000nam a2200000Ia 4500 | ||
|---|---|---|---|
| 001 | 17864, 21186 | ||
| 008 | 160829s9999 xx 000 0 cat d | ||
| 080 | |a M-5-226, M-6-145 | ||
| 110 | |a Barcelona (Catalunya : Província). |b Direcció de Serveis de Relacions Internacionals |9 53455 | ||
| 245 | |a Resenya ... / Direcció de Serveis de Relacions Internacionals | ||
| 260 | |a Barcelona : |b Diputació de Barcelona. Àrea de Presidència. Direcció de Serveis de Relacions Internacionals, [2006] | ||
| 300 | |a taules ; |c 29 cm | ||
| 590 | |a Títol de l'any 2004: Ressenya d'activitats. | ||
| 590 | |a Hi ha un altre exemplar de l'any 2004 en anglès amb R. 21628 i de l'any 2005 en castellà amb R. 20977 i en anglès amb R. 21187 | ||
| 610 | 0 | |a Barcelona (Catalunya : Província). |b Direcció de Serveis de Relacions Internacionals |9 53455 | |
| 650 | |a Relacions internacionals |9 31027 | ||
| 866 | |a 2004, 2005 | ||
| 901 | |a Arxiu | ||
| 942 | |n 1 | ||
| 952 | |0 0 |1 0 |4 0 |6 M5226_M6145 |7 1 |9 51725 |a Arxiu |b Arxiu |d 2016-12-01 |l 0 |o M-5-226, M-6-145 |p 17864, 21186 |r 2016-12-01 00:00:00 |w 2016-12-01 |y ARXIU | ||
| 999 | |c 55571 |d 55571 | ||